LEADER 01187nam--2200385---450- 001 990000691650203316 005 20090203163730.0 010 $a88-13-19824-8 035 $a0069165 035 $aUSA010069165 035 $a(ALEPH)000069165USA01 035 $a0069165 100 $a20011016d1996----km-y0itay0103----ba 101 $aita 102 $aIT 105 $a||||||||001yy 200 1 $a<> schema di bilancio delle aziende sanitarie pubbliche$fFabio Giulio Grandis 210 $aPadova$cCEDAM$d1996 215 $a164 p.$d24 cm 410 $12001 606 0 $aUnità sanitarie locali$xGestione finanziaria 606 0 $aUnità sanitarie locali$xBilancio 676 $a353.938410681 700 1$aGRANDIS,$bFabio Giulio$0115397 801 0$aIT$bsalbc$gISBD 912 $a990000691650203316 951 $a353.938 GRA 1 (IRA 27 40)$b12228 G$cIRA 27$d00012200 959 $aBK 969 $aECO 979 $aPATTY$b90$c20011016$lUSA01$h2122 979 $c20020403$lUSA01$h1718 979 $aPATRY$b90$c20040406$lUSA01$h1648 979 $aRSIAV3$b90$c20090203$lUSA01$h1637 996 $aSchema di bilancio delle aziende sanitarie pubbliche$9198239 997 $aUNISA LEADER 01279nam0-2200409---450 001 990005582150203316 005 20190403124910.0 035 $a000558215 035 $aUSA01000558215 035 $a(ALEPH)000558215USA01 035 $a000558215 100 $a19981214d1987----|||y0itaa50------ba 101 $aita 102 $ait 105 $a0 00||| 200 1 $a<> insegnamento della filosofia$erapporto della Società filosofica italiana$fa cura di Luciana Vigone e Clemente Lanzetti 210 $aBari$cLaterza$d1987 215 $aV, 227 p.$d19 cm. 225 2 $aUniversale Laterza$eUL$v697 410 0$12001$aUniversale Laterza$v697 606 $aFilosofia$xInsegnamento$xScuole medie superiori$xItalia$2F 620 $dBARI 676 $a107.12'45 702 1$aVIGONE,$bLuciana 702 1$aLANZETTI,$bClemente 710 02$aSocietà filosofica italiana$0284442 801 0$aIT$bSA$c20111219 912 $a990005582150203316 950 0$aDipar.to di Filosofia - Salerno$dDFFF 107.12'45 SOFI$e2308 FIL 951 $aFF 107.12'45 SOFI$b2308 FIL 959 $aBK 969 $aFIL 979 $c20121027$lUSA01$h1525 979 $c20121027$lUSA01$h1614 996 $aInsegnamento della filosofia$91132027 997 $aUNISA NUM $aSA0001108